000 02410nam0a2200409 4500
001 RU\NLR\BIBL_A\012402279
005 20230310163959.0
010 _a978-5-9984-1101-4
_950
021 _aRU
_bКН-П-20-044244
_9КН-П-20-3376
021 _aRU
_bКН-П-20-044244
_9КН-П-20-5062
035 _a(NLR Aleph) 012402279
035 _a(RuMoRGB)010388235
090 _a11731568
_c11731568
100 _a20201112d2020 u y0rusy50 ca
101 0 _arus
_aeng
_deng
_eeng
102 _aRU
105 _aa|||z|||000zy
181 0 _ai
_baxxe
182 0 _an
200 1 _aИнформатика и информационные технологии: три в одном
_dInformatics and information technology: three in one
_eучебное пособие
_fЖ. Ф. Таннинг
_gМинистерство науки и высшего образования Российской Федерации, Федеральное государственное бюджетное образовательное учреждение высшего образования "Владимирский государственный университет имени Александра Григорьевича и Николая Григорьевича Столетовых"
_zeng
203 _aТекст
_bвизуальный
_cнепосредственный
210 _aВладимир
_cВлГУ
_d2020
215 _a267 с.
_cил., цв. ил., табл.
_d21
300 _aАвт. также на англ. яз.: J. F. Tangning
300 _aЧасть текста англ.
320 _aБиблиогр.: с. 266-267
510 1 _6z11790
_aInformatics and information technology: three in one
_zeng
606 1 _aИнформатика
_jУчебные издания для высших учебных заведений
_2nlr_sh1
_2nlr_sh2
_3RU\NLR\AUTH\661257251
606 1 _aИнформационные технологии
_jУчебные издания для высших учебных заведений
_2nlr_sh1
_2nlr_sh2
_3RU\NLR\AUTH\66778624
686 1 _aЗ973.233я73-1
700 1 _aТаннинг
_bЖ. Ф.
_gЖиогап Фирмэн
_3RU\NLR\AUTH\770253526
790 1 _6z11510
_aTanning
_bŽ. F.
_gŽiogap Firmén
_3RU\NLR\AUTH\770253533
942 _cBOOK
980 _aNBR
980 _aNB